• 首页
  • 本馆介绍
  • 公告通知
  • 最新文献
  • 馆藏检索
  • 电子资源
  • 读者导购
  • 参考咨询
  • 我的图书馆
  • 登录
  • 详细信息显示
  • 放入我的书架
  • 预约/预借图书
  • 作者相关作品
  • 分类相关作品
  • 丛书相关作品
  • 出版社相关作品

书目信息

  • 表格格式
  • 工作单格式
  • 卡片格式
题名:
幽默故事集
    
 
作者: 丁奕 编著
分册:  
出版信息: 北京   中国文联出版社  2000
页数: 21,279页
开本: 20cm
丛书名: 中华文史故事文库
单 册:
中图分类: I277.8 , I247.8
科图分类:
主题词: 笑话--中国--选集 , 小说--中国
电子资源:
ISBN: 7-5059-3557-7
000 00678oam2 2200253 450
001 1572759611
005 20170927100750.09
010    @a7-5059-3557-7@dCNY15.00
100    @a20021005d2000 em y0chiy0110 ea
101 0  @achi
102    @aCN@b110000
105    @ay z 000fy
200 1  @a幽默故事集@9you mo gu shi ji@f丁奕编著
210    @a北京@c中国文联出版社@d2000
215    @a21,279页@d20cm
225 2  @a中华文史故事文库@h第四辑
461  0 @12001 @a中华文史故事文库
606 0  @a笑话@y中国@x选集
606 0  @a小说@x中国
690    @aI277.8@v5
690    @aI247.8@v4
701  0 @a丁奕@9ding yi@4编著
801  0 @aCN@bTSSF@c20150115
905    @aZUCC@dI247.8@eJY141
    
    幽默故事集/丁奕编著.-北京:中国文联出版社,2000
    21,279页;20cm.-(中华文史故事文库.第四辑)
    
    
    ISBN 7-5059-3557-7:CNY15.00
    
●
相关链接 在E读中查询图书 在五车中查询图书 在当当中查询图书 在豆瓣中查询图书


正题名:幽默故事集     索取号:I247.8/JY141         预约/预借

序号 登录号 条形码 馆藏地/架位号 状态 备注
1 7851676   278516768   学院路分馆/ [索取号:I247.8/JY141] 在馆    
唐山师范学院图书馆 欢迎您!
大连网信软件有限公司© 版权所有